Quizzes
Events
Quiz Creation
Community
Videos
Private Events
Remove Ads
Sign In
Join for FREE
Feedback
Dark Mode
Quiz Categories
Sports
Geography
Music
Movies
Television
Just For Fun
Miscellaneous
History
Literature
Language
Science
Gaming
Entertainment
Religion
Holiday
For Kids
Quiz Lab
Recent
Popular Today
Quiz Kudos Today
Editor Picks
Curator Picks
Quizzes by...
Day
Popularity
Type
Ratings
Length
Year
Community
Subscriptions
Recent Discussions
Orange Saloon
Badges
Playlists
Quests
Create
Leaderboards
Showdown
Live 5
Trivia Bingo
Activity
Puzzle Library
Sporcle Events
Private Events
Virtual Trivia
Globe League
Become a Host
Pub Owners
SporcleCon
Opinionation
Our Games
Videos
Blog
Mobile Apps
Partnerships
Remove Ads and Go Orange
Feedback
Television
TV Characters
TV Show
Sitcom
Network
Friends
Reality Shows
Cast
South Park
Star Trek
The Simpsons
Doctor Who
Television
TV Characters
TV Show
Sitcom
Network
Friends
Reality Shows
Cast
South Park
Star Trek
The Simpsons
Doctor Who
Random Quiz
Search Sporcle
×
Quiz Lab
Quiz Lab
Television
DC Comics
Type in answers that appear in a list
Type in answers that appear in a list
Classic
Best Score? Go Orange.
Arrow Characters by Actor Names Stats
Can you name the Arrow Characters by Actor Names
By
FakeSandwich
4m
31 Questions
2,276 Plays
2,276 Plays
2,276 Plays
Comments
Comments
Give Quiz Kudos
Give Quiz Kudos
-
- Ratings
hide this ad
Forced Order
Answers have to be entered in order
Answers have to be entered in order
Wrong Answers
Some wrong answers will appear in red
Some wrong answers will appear in red
Replay
Link that replays current quiz
Next Quiz
Link to next quiz in quiz playlist
You Got
0%
They Got
Avg Score
54%
Avg Friend Score
Upgrade to see
Score Distribution
Jump to the score distribution portion of the page
Score
0/31
Timer
04:00
0
Plays Today
Actor
Character
% Correct
Stephen Amell
???
99.4%
David Ramsey
???
96.8%
Willa Holland
???
96%
Colton Haynes
???
95.3%
Katie Cassidy
???
94.2%
Caity Lotz
???
93.4%
Emily Bett Rickards
???
91.9%
John Barrowman
???
85.5%
Manu Bennett
???
84.3%
Paul Blackthorne
???
82.8%
Grant Gustin
???
81.3%
Colin Donnell
???
81.2%
Susanna Thompson
???
78.3%
Brandon Routh
???
70.1%
Katrina Law
???
57%
Celina Jade
???
47.4%
Actor
Character
% Correct
Matthew Nable
???
39.9%
Colin Salmon
???
37.1%
Cynthia Addai-
Robinson
???
36%
Summer Glau
???
35.9%
Kevin Alejandro
???
35.5%
Rila Fukushima
???
32.5%
Audrey Marie Anderson
???
32.4%
Karl Yune
???
26.7%
Kelly Hu
???
26.5%
Jessica De Gouw
???
25.6%
Bex Taylor-
Klaus
???
25.6%
Michael Rowe
???
20.7%
Byron Mann
???
19.3%
Seth Gabel
???
16.9%
Peter Stormare
???
11.3%
Quiz Playlist
Details
Report
Send in Message
Add To Playlist
Classic:
Type in answers that appear in a list
Forced Order:
Answers have to be entered in order
Wrong Answers:
Some wrong answers will appear in red
Last Updated: Nov 3, 2017
Quiz Scoreboard
CHALLENGE
Sign Up to Join the Scoreboard
Show All
Scores
Hide
Comments
May contain spoilers
Recently Published
9x9 Crossword: Cartoon Network
by jackfrog10
Miscellaneous
3m
College Basketball Coaching Resumes
by pancakes188
Sports
9m
Billboard Blitz: Fleetwood Mac
by CooCooCachoo
Music
15s
More to Explore
Quiz From the Vault
Featured Blog Post
Where Did the Easter Bunny Come From?
hide this ad
You Might Also Like...
Tags
DC Comics Quiz
Arrow (Show)
Today's Top Quizzes in Television
Browse Television
hide this ad
Today's Top Quizzes in DC Comics
Browse DC Comics
Top Contributed Quizzes in Television
1
5-to-1: The Simpsons Families
2
5-to-1: Television Doctors
3
7-to-1: TV Show Settings
4
5-to-1: Streaming Originals
5
Adjectives in 00s TV Shows
6
One Piece Logic Puzzle
7
Survivor Seasons
8
Adjectives in 80s TV Shows
9
All US Survivor Seasons in Order
10
Adjectives in 10s TV Shows
Explore More
Trending Topics
Kpop
Crossword
Anime
Harry Potter
Disney
Marvel
NBA
Soccer
WWE
The Office
Song
Pokémon
Country
NFL
Puzzle
hide this ad
More By:
FakeSandwich
Quiz
Plays
Rating
Category
Featured
Created
Arrow Characters by Actor Names
2,276
4.13
Television
Aug 11, 2014
Characters of Pretty Little Liars
678
3.67
Television
Mar 20, 2013
Go to Creator's Profile
Score Distribution
Quiz Creator Spotlight
FakeSandwich
Follow
Send a Message
Quizzes Created
-
Created Quiz Play Count
-
More By This Creator
Popular Quizzes Today
1
Find the US States - No Outlines Minefield
2
Find the Countries of Europe - No Outlines Minefield
3
The Countries of the World
4
Find the US States
5
Risky Map Clicking: Biggest States A-Z
6
US States
7
Popular People in 1961
8
Movies - When Are They Set?
More Television Quizzes
TV Actors Born in the 1980s
Quiz Lab
Trending Quizzes
Risky Map Clicking: Least Populous States A-Z
1-10 Letter G Words
1-10 Letter F Words
Risky Map Clicking: Next State Alphabetically
Adjectives in 80s TV Shows
Recently Updated
Leaping Animals
pecheneg
Reality TV Shows (A-Z)
bhenderson79
Rickey Henderson's Hall of Fame Teammates
pecheneg
Champions League XIs: Arsenal
pecheneg
Quick Pick: Celebrities in WWE's Hall of Fame
aduchscher
A-Z Keypad Blitz II
pecheneg
Multiple Oscar Actors
pecheneg
Mystery Phrase Blitz: Oscar 'Best Actors'
pecheneg
F. Scott Fitzgerald Novels
LTH
Pick 3 Villains
ddd62291
Trending Topics
Marvel
Harry Potter
NBA
Kpop
Anime
Crossword
Disney
WWE
Soccer
The Office
Puzzle
Country
NFL
Song
Pokémon
Your Account Isn't Verified!
In order to create a playlist on Sporcle, you need to verify the email address you used during registration. Go to your
Sporcle Settings
to finish the process.
Report this User
Report this user for behavior that violates our
Community Guidelines
.
Details:
Send Report
Go to the Sporcle.com Mobile Site →
Comments